Cliquez sur les départements dans l'ordre sur une carte - Statistiques

Statistiques générales
  • Ce quiz a été pris 722 fois
  • Le résultat moyen est 53 sur 101
Réponses sur la Carte
Les réponses sont colorées sur une échelle allant du rouge au vert en fonction du pourcentage des utilisateurs qui les ont devinées à leur premier essai. Vous pouvez retrouver ces pourcentages ci-dessous.
 
Statistiques - réponses
Réponse % Correct
01
84%
2B
80%
06
79%
02
78%
13
75%
03
69%
17
67%
05
66%
14
65%
29
64%
33
64%
34
64%
22
63%
16
62%
04
61%
08
61%
11
61%
07
60%
15
60%
10
59%
12
58%
28
58%
30
58%
09
57%
21
57%
35
57%
38
57%
44
57%
59
57%
2A
56%
40
56%
69
56%
31
55%
18
54%
26
54%
27
54%
39
54%
50
54%
56
54%
68
54%
75
54%
24
53%
25
53%
45
53%
37
52%
62
52%
66
52%
60
51%
23
50%
32
50%
64
50%
74
50%
94
50%
95
50%
49
49%
63
49%
65
49%
78
49%
976
49%
36
48%
42
48%
43
48%
89
48%
19
47%
48
47%
76
47%
77
47%
84
47%
90
47%
93
47%
51
46%
55
46%
61
46%
73
46%
83
46%
57
45%
67
45%
71
45%
87
45%
88
45%
47
44%
52
44%
53
44%
58
44%
80
44%
41
43%
72
43%
85
43%
91
43%
972
41%
974
41%
82
40%
92
40%
973
40%
46
39%
86
39%
70
38%
79
38%
54
37%
81
35%
971
33%
Aucun quiz correspondant
Distribution des résultats
% des personnes avec chaque résultat
Percentile par nombre de réponses
Votre historique - résultats
Vous n’avez pas pris ce quiz